000
00339nam a2200133Ia 4500
008
240624s9999 xx 000 0 und d
041
_a
eng
082
_a
158.3072 WRI
100
_a
WRIGHT ROBERT J
245
_a
RESEARCH METHODS FOR COUNSELING AN INTRO
260
_c
2014
_a
London
_b
Sage
300
_a
xxi, 597 p.; 23 cm.
365
_c
_b
38
999
_c
30629
_d
30629